000 02162nam a2200301 a 4500
001 81189
003 BD-RjUL
005 20230208101834.0
008 230208s2019 bg ||||| m||| 00| 0 ben d
035 _a(BD-RjUL)81189
040 _aBD-RjUL
_bben / eng
_cBD-RjUL
_dBD-RjUL
041 _aben
082 _a297.125
_bNAH 2019
_223
100 _aনাজীব, আহমদ আব্দুল্লাহ
_96892
245 1 0 _aহাদীছের বিশুদ্ধতা নিরুপণে মুহাম্মাদ নাছিরুদ্দীন আলবানী (রহঃ)-এর অবদান :
_bএকটি তাত্ত্বিক পর্যালোচনা /
_cআহমদ আব্দুল্লাহ নাজীব ;
_6প্রিন্সিপ্যাল সুপারভাইজার : মো. সেতাউর রহমান, কো-সুপারভাইজার : মো. আব্দুস সালাম
246 _a(Contribution of Muhammad Nasiruddin Albani (Rh:) to Ascertain the Authenticity of Hadith :
_bA Theoretical Analysis /
260 _aরাজশাহী :
_bআরবী বিভাগ, রাজশাহী বিশ্ববিদ্যালয়,
_c২০১৯
300 _a[৩], xi, ৪০০ পাতা ;
_c২৯ সেমি.
502 _aথিসিস (পিএইচ. ডি.) -- আরবী বিভাগ, রাজশাহী বিশ্ববিদ্যালয়, ২০০১৯
504 _aগ্রন্থপঞ্জী : পাতা [৩৮৫]-৪০০
600 _aমুহাম্মদ নাসিরুদ্দীন
_d (১৯১৪-১৯৯৯ খৃষ্টাব্দ)
_96893
600 _aMuhammad Nasiruddin
_d(1914-1999 AD)
_96894
650 _aইসলাম
_vসহীহ হাদীস
_96895
650 _aIslam
_vAuthenticity Hadith
_96896
700 _aরহমান, মো. সেতাউর, প্রিন্সিপ্যাল সুপারভাইজার
_96897
700 _aসালাম, মো. আব্দুস, কো-সুপারভাইজার
_96898
942 _2ddc
_cTHE
999 _c81189
_d81189